banner koha

Manual de fitopatologia [Brasil] (Registro n. 31210)

MARC details
000 -LÍDER
campo de controle de tamanho fixo 01144nam a22003977a 4500
001 - NÚMERO DE CONTROLE
campo de controle BR8100648
003 - IDENTIFICADOR DO NÚMERO DE CONTROLE
campo de controle BR-BrBNA
005 - DATA E HORÁRIO DA ÚLTIMA TRANSAÇÃO
campo de controle 20230928090916.0
007 - CAMPO FIXO DE DESCRIÇÃO FÍSICA--INFORMAÇÃO GERAL
campo de controle de tamanho fixo ta
008 - CAMPO DE DADOS FIXOS--INFORMAÇÃO GERAL
campo de controle de tamanho fixo 230509b bl.||||| |||| 00| 0 por d
040 ## - FONTE DA CATALOGAÇÃO
Instituição da catalogação original BR-BrBNA
Idioma da catalogação por
Instituição que transcreveu o registro Biblioteca Nacional de Agricultura
041 ## - CÓDIGO DE IDIOMA
Código do idioma do texto/trilha sonora ou título diferente (Por)
072 ## - CÓDIGO DE CATEGORIA DE ASSUNTO
Código de Categoria de Assunto H20
Código do objeto 4100
-- /G514
090 ## - NÚMERO DE CHAMADA LOCAL
-- 4100 BR8100648
100 1# - ENTRADA PRINCIPAL--NOME PESSOAL
Nome pessoal Galli, F.
100 1# - ENTRADA PRINCIPAL--NOME PESSOAL
Nome pessoal Carvalho, P. de C.T. de
100 1# - ENTRADA PRINCIPAL--NOME PESSOAL
Nome pessoal Tokeshi, H.
100 1# - ENTRADA PRINCIPAL--NOME PESSOAL
Nome pessoal Balmer, E.
100 1# - ENTRADA PRINCIPAL--NOME PESSOAL
Nome pessoal Kimati, H.
100 1# - ENTRADA PRINCIPAL--NOME PESSOAL
Nome pessoal Cardoso, C.O.N.
100 1# - ENTRADA PRINCIPAL--NOME PESSOAL
Nome pessoal Salgado, C.L.
100 1# - ENTRADA PRINCIPAL--NOME PESSOAL
Nome pessoal Krugner, T.L.
100 1# - ENTRADA PRINCIPAL--NOME PESSOAL
Nome pessoal Cardoso, E.J.B.N.
100 1# - ENTRADA PRINCIPAL--NOME PESSOAL
Nome pessoal Bergamin Filho, A.
245 1# - TÍTULO
Título Manual de fitopatologia [Brasil]
Restante do título v. 2 - Doencas das plantas cultivadas
246 1# - FORMA VARIANTE DO TÍTULO
Título/título abreviado [Handbook of phytopathology [Brazil]]
Restante do título [v. 2 - Diseases of cultivated plants]
260 3# - PUBLICAÇÃO, DISTRIBUIÇÃO, ETC.
Local de publicação, distribuição, etc. Sao Paulo, SP (Brasil):
Nome do editor, distribuidor, etc. Ed. Agronomica Ceres,
Data da publicação, distribuição, etc. 1980.
300 ## - DESCRIÇÃO FÍSICA
Extensão 599 p.
650 ## - ASSUNTO--TERMO TÓPICO
Cabeçalho tópico ou nome geográfico Doenca de planta
650 ## - ASSUNTO--TERMO TÓPICO
Cabeçalho tópico ou nome geográfico Sintoma
650 ## - ASSUNTO--TERMO TÓPICO
Cabeçalho tópico ou nome geográfico Etiologia
650 ## - ASSUNTO--TERMO TÓPICO
Cabeçalho tópico ou nome geográfico Controle mecanico
650 ## - ASSUNTO--TERMO TÓPICO
Cabeçalho tópico ou nome geográfico Controle quimico
909 ## -
-- 202309
-- Lucia
-- 55
-- Lucia Elande
942 ## - ELEMENTOS DE ENTRADA ADICIONADOS (KOHA)
Tipo de material Koha Livros
Exemplares
Situação do descarte Fonte da classificação ou esquema de arquivamento na estante Situação física Não pode ser emprestado Coleção Biblioteca de origem Biblioteca atual Total de empréstimos Número de telefone completo Código de barras Data de último acesso Número do exemplar Tipo de material Koha Situação das perdas Data de aquisição Fonte de aquisição
  Classificação AGRIS       Biblioteca Nacional de Agricultura - Binagri Biblioteca Nacional de Agricultura - Binagri   4100 BR8100648 4100 BR8100648 25/09/2023 01 Livros   2023-09-25 Portaria Interministerial nº 164/94

BINAGRI

Telefone: (61)3218-2567/2388/3357/2097 - binagri@agro.gov.br

Ministério da Agricultura e Pecuária , Esplanada dos Ministérios, Bloco D, Anexo B, Brasília/DF, CEP: 70.043-900